[Event "DGCS OPEN 2018"]
[Site "Ostrow Wielkopolski"]
[Date "2018.09.28"]
[Round "6.2"]
[White "Chojnacki, Slawomir"]
[Black "Szadkowski, Kamil"]
[Result "1/2-1/2"]
[BlackElo "2194"]
[WhiteElo "2182"]
[LiveChessVersion "1.4.8"]

1. d4 {[%clk 0:10:02]} Nf6 {[%clk 0:10:04]} 2. Nf3 {[%clk 0:10:04]} d5
{[%clk 0:10:02]} 3. Bf4 {[%clk 0:10:04]} g6 {[%clk 0:09:59]} 4. c3
{[%clk 0:10:06]} Bg7 {[%clk 0:10:01]} 5. Nbd2 {[%clk 0:10:06]} O-O
{[%clk 0:10:02]} 6. e3 {[%clk 0:10:08]} b6 {[%clk 0:09:59]} 7. h3
{[%clk 0:10:08]} Bb7 {[%clk 0:10:01]} 8. Be2 {[%clk 0:10:01]} Nbd7
{[%clk 0:10:02]} 9. O-O {[%clk 0:10:01]} Ne4 {[%clk 0:10:03]} 10. Nxe4
{[%clk 0:09:57]} dxe4 {[%clk 0:10:05]} 11. Nd2 {[%clk 0:09:58]} e5
{[%clk 0:10:06]} 12. Bh2 {[%clk 0:09:37]} c5 {[%clk 0:10:08]} 13. dxe5
{[%clk 0:09:13]} Nxe5 {[%clk 0:10:02]} 14. Nc4 {[%clk 0:08:46]} Qe7
{[%clk 0:09:39]} 15. Nxe5 {[%clk 0:08:26]} Bxe5 {[%clk 0:09:40]} 16. Bxe5
{[%clk 0:08:21]} Qxe5 {[%clk 0:09:42]} 17. Qa4 {[%clk 0:08:15]} Rfd8
{[%clk 0:08:04]} 18. Rfd1 {[%clk 0:07:57]} Qc7 {[%clk 0:08:04]} 19. Rxd8+
{[%clk 0:07:28]} Rxd8 {[%clk 0:08:05]} 20. Rd1 {[%clk 0:07:27]} Rxd1+
{[%clk 0:08:06]} 21. Qxd1 {[%clk 0:07:23]} Bc6 {[%clk 0:07:45]} 22. Bc4
{[%clk 0:07:10]} Kg7 {[%clk 0:07:45]} 23. Qd2 {[%clk 0:06:40]} Qd7
{[%clk 0:07:16]} 24. Qxd7 {[%clk 0:06:20]} Bxd7 {[%clk 0:07:18]} 25. Bd5
{[%clk 0:06:22]} f5 {[%clk 0:07:20]} 26. h4 {[%clk 0:06:18]} Kf6 {[%clk 0:07:21]}
27. Kh2 {[%clk 0:05:43]} Be6 {[%clk 0:07:06]} 28. Bxe6 {[%clk 0:05:04]} Kxe6
{[%clk 0:07:06]} 29. c4 {[%clk 0:05:06]} Ke5 1/2-1/2

[Event "DGCS OPEN 2018"]
[Site "Ostrow Wielkopolski"]
[Date "2018.09.28"]
[Round "6.3"]
[White "Dudzinski, Pawel"]
[Black "Pedzich, Dominik"]
[Result "0-1"]
[BlackElo "2348"]
[WhiteElo "2263"]
[LiveChessVersion "1.4.8"]

1. e4 {[%clk 0:10:05]} c5 {[%clk 0:09:52]} 2. c4 {[%clk 0:10:02]} Nc6
{[%clk 0:09:52]} 3. Nc3 {[%clk 0:10:04]} g6 {[%clk 0:09:50]} 4. g3
{[%clk 0:10:06]} Bg7 5. Bg2 d6 {[%clk 0:09:21]} 6. a3 {[%clk 0:10:10]} Nf6
{[%clk 0:09:20]} 7. Rb1 {[%clk 0:10:09]} O-O {[%clk 0:09:19]} 8. b4
{[%clk 0:10:05]} Ne8 {[%clk 0:08:46]} 9. Nge2 {[%clk 0:09:55]} Nc7
{[%clk 0:08:39]} 10. b5 {[%clk 0:09:56]} Ne5 {[%clk 0:08:38]} 11. d3
{[%clk 0:09:44]} Bg4 {[%clk 0:08:33]} 12. Bb2 {[%clk 0:08:57]} Qd7
{[%clk 0:07:29]} 13. f4 {[%clk 0:08:14]} Nf3+ {[%clk 0:07:13]} 14. Kf2
{[%clk 0:08:16]} Nd4 {[%clk 0:07:00]} 15. Bf1 {[%clk 0:04:45]} Nce6
{[%clk 0:06:38]} 16. h3 {[%clk 0:04:32]} Bf3 {[%clk 0:06:36]} 17. Rh2
{[%clk 0:04:15]} f5 {[%clk 0:06:13]} 18. Qd2 {[%clk 0:04:05]} g5 {[%clk 0:04:54]}
19. Nxd4 {[%clk 0:02:46]} Nxd4 {[%clk 0:04:13]} 20. Be2 {[%clk 0:02:34]} fxe4
{[%clk 0:03:55]} 21. dxe4 {[%clk 0:02:31]} gxf4 {[%clk 0:03:04]} 22. gxf4
{[%clk 0:02:26]} Nxe2 {[%clk 0:02:38]} 23. Nxe2 {[%clk 0:02:21]} Bxe4
{[%clk 0:02:26]} 24. Rg1 {[%clk 0:01:15]} Rf7 {[%clk 0:01:09]} 25. Bxg7
{[%clk 0:01:04]} Rxg7 {[%clk 0:01:10]} 26. Rxg7+ {[%clk 0:01:05]} Kxg7
{[%clk 0:01:12]} 27. Ng3 {[%clk 0:00:27]} Bg6 {[%clk 0:01:14]} 28. f5
{[%clk 0:00:19]} Rf8 {[%clk 0:01:08]} 29. Ke1 {[%clk 0:00:11]} Bxf5
{[%clk 0:00:33]} 30. Nh5+ {[%clk 0:00:11]} Kh8 {[%clk 0:00:12]} 31. Rg2
{[%clk 0:00:06]} Qe6+ {[%clk 0:00:10]} 32. Kd1 {[%clk 0:00:04]} Bg6
{[%clk 0:00:11]} 33. Qh6 {[%clk 0:00:04]} Qf7 {[%clk 0:00:11]} 34. Rf2
{[%clk 0:00:05]} Bxh5+ {[%clk 0:00:12]} 35. Kc1 Qxf2 0-1

[Event "DGCS OPEN 2018"]
[Site "Ostrow Wielkopolski"]
[Date "2018.09.28"]
[Round "7.1"]
[White "Pedzich, Dominik"]
[Black "Przybylski, Wojciech"]
[Result "1-0"]
[BlackElo "2297"]
[WhiteElo "2348"]
[LiveChessVersion "1.4.8"]

1. e4 {[%clk 0:10:03]} e5 {[%clk 0:10:04]} 2. Nf3 {[%clk 0:10:04]} Nf6
{[%clk 0:10:01]} 3. Nxe5 {[%clk 0:09:57]} d6 {[%clk 0:10:02]} 4. Nf3
{[%clk 0:09:56]} Nxe4 {[%clk 0:10:02]} 5. d4 {[%clk 0:09:55]} d5 {[%clk 0:10:02]}
6. Bd3 {[%clk 0:09:53]} Bd6 {[%clk 0:10:02]} 7. c4 {[%clk 0:09:48]} c6
{[%clk 0:10:02]} 8. O-O {[%clk 0:09:43]} O-O {[%clk 0:10:02]} 9. Nc3
{[%clk 0:09:39]} Nxc3 {[%clk 0:09:52]} 10. bxc3 {[%clk 0:09:39]} dxc4
{[%clk 0:09:45]} 11. Bxc4 {[%clk 0:09:38]} Bg4 {[%clk 0:09:43]} 12. h3
{[%clk 0:09:22]} Bh5 {[%clk 0:09:40]} 13. g4 {[%clk 0:08:57]} Bg6
{[%clk 0:09:40]} 14. Ne5 {[%clk 0:08:57]} Nd7 {[%clk 0:05:26]} 15. Nxg6
{[%clk 0:08:39]} hxg6 {[%clk 0:05:27]} 16. Bb3 {[%clk 0:08:30]} Re8
{[%clk 0:04:07]} 17. Qd3 {[%clk 0:08:19]} Nf8 {[%clk 0:03:53]} 18. Bd2
{[%clk 0:07:50]} Ne6 {[%clk 0:02:40]} 19. Rae1 {[%clk 0:07:08]} Nf8
{[%clk 0:02:07]} 20. Rxe8 {[%clk 0:06:14]} Qxe8 {[%clk 0:02:08]} 21. Re1
{[%clk 0:06:12]} Qd8 {[%clk 0:01:44]} 22. Bxf7+ {[%clk 0:05:21]} Kh7
{[%clk 0:00:12]} 23. Re8 {[%clk 0:04:42]} Qf6 {[%clk 0:00:11]} 24. Bxg6+
{[%clk 0:04:03]} Nxg6 {[%clk 0:00:13]} 25. Rxa8 {[%clk 0:04:04]} Bc7
{[%clk 0:00:05]} 26. Re8 {[%clk 0:03:59]} Qd6 {[%clk 0:00:05]} 27. Kf1
{[%clk 0:03:27]} Qd7 {[%clk 0:00:04]} 28. Qe4 {[%clk 0:03:22]} Qf7
{[%clk 0:00:05]} 29. Be3 {[%clk 0:02:36]} Bd6 {[%clk 0:00:05]} 30. h4
{[%clk 0:02:21]} Be7 {[%clk 0:00:06]} 31. Ra8 {[%clk 0:01:21]} Bxh4
{[%clk 0:00:07]} 32. Rxa7 {[%clk 0:01:20]} Qc4+ {[%clk 0:00:05]} 33. Kg2
{[%clk 0:01:19]} Qf7 {[%clk 0:00:04]} 34. Ra8 {[%clk 0:01:17]} Be7
{[%clk 0:00:06]} 35. Rc8 {[%clk 0:01:14]} Bd6 {[%clk 0:00:06]} 36. a4
{[%clk 0:01:08]} Qd7 {[%clk 0:00:06]} 37. Ra8 {[%clk 0:01:03]} Qf7
{[%clk 0:00:07]} 38. a5 {[%clk 0:01:03]} Bc7 {[%clk 0:00:08]} 39. a6
{[%clk 0:01:00]} bxa6 40. Rxa6 {[%clk 0:01:01]} Kg8 {[%clk 0:00:06]} 41. Ra8+
{[%clk 0:01:00]} Nf8 {[%clk 0:00:08]} 42. Qxc6 {[%clk 0:00:58]} Qe7
{[%clk 0:00:06]} 43. Qd5+ {[%clk 0:00:58]} Kh7 {[%clk 0:00:07]} 44. Qh5+
{[%clk 0:00:56]} Kg8 {[%clk 0:00:09]} 45. Qf5 {[%clk 0:00:54]} Bd6
{[%clk 0:00:07]} 46. c4 {[%clk 0:00:55]} Qb7+ {[%clk 0:00:07]} 47. Qf3
{[%clk 0:00:56]} Qd7 {[%clk 0:00:05]} 48. c5 {[%clk 0:00:52]} Be7
{[%clk 0:00:05]} 49. d5 {[%clk 0:00:50]} Qb7 {[%clk 0:00:05]} 50. d6
{[%clk 0:00:49]} Qd7 {[%clk 0:00:06]} 51. dxe7 {[%clk 0:00:47]} Qxe7
{[%clk 0:00:07]} 52. c6 {[%clk 0:00:48]} 1-0

[Event "DGCS OPEN 2018"]
[Site "Ostrow Wielkopolski"]
[Date "2018.09.28"]
[Round "7.2"]
[White "Laszewicz, Pawel"]
[Black "Chojnacki, Slawomir"]
[Result "0-1"]
[BlackElo "2182"]
[WhiteElo "2030"]
[LiveChessVersion "1.4.8"]

1. e4 {[%clk 0:10:04]} c6 {[%clk 0:10:03]} 2. c4 d5 {[%clk 0:09:55]} 3. exd5
{[%clk 0:10:04]} cxd5 {[%clk 0:09:57]} 4. cxd5 {[%clk 0:10:05]} Nf6
{[%clk 0:09:59]} 5. Qa4+ {[%clk 0:10:02]} Nbd7 {[%clk 0:09:58]} 6. Nc3
{[%clk 0:10:02]} g6 {[%clk 0:09:58]} 7. Bc4 {[%clk 0:10:00]} Bg7 {[%clk 0:10:00]}
8. d3 {[%clk 0:10:00]} O-O {[%clk 0:10:01]} 9. Nf3 {[%clk 0:09:55]} a6
{[%clk 0:10:01]} 10. Qa3 {[%clk 0:09:50]} b6 {[%clk 0:08:07]} 11. O-O
{[%clk 0:09:35]} Bb7 {[%clk 0:08:08]} 12. Re1 {[%clk 0:08:54]} Re8
{[%clk 0:07:25]} 13. Bg5 {[%clk 0:07:19]} b5 {[%clk 0:07:03]} 14. Bb3
{[%clk 0:07:18]} Nb6 {[%clk 0:06:53]} 15. d6 {[%clk 0:05:24]} Bxf3
{[%clk 0:06:01]} 16. dxe7 {[%clk 0:04:26]} Qxd3 {[%clk 0:04:39]} 17. gxf3
{[%clk 0:04:07]} Qxf3 {[%clk 0:04:39]} 18. Qd6 {[%clk 0:03:43]} Nc4
{[%clk 0:03:55]} 0-1

[Event "DGCS OPEN 2018"]
[Site "Ostrow Wielkopolski"]
[Date "2018.09.28"]
[Round "7.3"]
[White "Szadkowski, Kamil"]
[Black "Janaszak, Dawid"]
[Result "1-0"]
[BlackElo "2276"]
[WhiteElo "2194"]
[LiveChessVersion "1.4.8"]

1. e4 {[%clk 0:10:04]} c5 {[%clk 0:10:04]} 2. Nf3 {[%clk 0:10:05]} Nc6
{[%clk 0:10:04]} 3. d4 {[%clk 0:10:07]} cxd4 {[%clk 0:10:05]} 4. Nxd4
{[%clk 0:10:09]} g6 {[%clk 0:10:07]} 5. c4 {[%clk 0:10:08]} Nf6 {[%clk 0:10:07]}
6. Nc3 {[%clk 0:10:09]} Nxd4 {[%clk 0:10:08]} 7. Qxd4 {[%clk 0:10:10]} d6
{[%clk 0:10:10]} 8. Be3 {[%clk 0:10:10]} Bg7 {[%clk 0:10:12]} 9. f3
{[%clk 0:10:09]} O-O {[%clk 0:10:10]} 10. Qd2 {[%clk 0:10:11]} a5
{[%clk 0:10:06]} 11. b3 {[%clk 0:10:05]} a4 {[%clk 0:09:38]} 12. b4
{[%clk 0:09:45]} Be6 {[%clk 0:09:29]} 13. Rc1 {[%clk 0:09:38]} Nd7
{[%clk 0:08:53]} 14. Be2 {[%clk 0:09:21]} f5 {[%clk 0:07:51]} 15. O-O
{[%clk 0:09:14]} Ne5 {[%clk 0:07:08]} 16. exf5 {[%clk 0:08:55]} Nxc4
{[%clk 0:06:26]} 17. Bxc4 {[%clk 0:08:25]} Bxc4 {[%clk 0:06:27]} 18. fxg6
{[%clk 0:08:15]} hxg6 {[%clk 0:05:22]} 19. Rfe1 {[%clk 0:07:41]} b5
{[%clk 0:04:00]} 20. Bg5 {[%clk 0:07:25]} Qb6+ {[%clk 0:03:55]} 21. Kh1
{[%clk 0:07:24]} Be5 {[%clk 0:02:05]} 22. Nd5 {[%clk 0:07:05]} Qb7
{[%clk 0:01:46]} 23. Nxe7+ {[%clk 0:06:47]} Kf7 {[%clk 0:01:37]} 24. f4
{[%clk 0:05:01]} Bh8 {[%clk 0:00:58]} 25. Qc2 {[%clk 0:04:45]} Rg8
{[%clk 0:00:53]} 26. Nxg8 {[%clk 0:04:47]} Kxg8 {[%clk 0:00:54]} 27. Re7
{[%clk 0:04:35]} 1-0

[Event "DGCS OPEN 2018"]
[Site "Ostrow Wielkopolski"]
[Date "2018.09.28"]
[Round "8.1"]
[White "Szadkowski, Kamil"]
[Black "Pedzich, Dominik"]
[Result "1/2-1/2"]
[BlackElo "2348"]
[WhiteElo "2194"]
[LiveChessVersion "1.4.8"]

1. e4 {[%clk 0:10:04]} c5 {[%clk 0:09:56]} 2. Nf3 {[%clk 0:10:05]} e6
{[%clk 0:09:57]} 3. d4 {[%clk 0:10:04]} cxd4 {[%clk 0:09:59]} 4. Nxd4
{[%clk 0:10:06]} Nf6 {[%clk 0:10:00]} 5. Nc3 {[%clk 0:10:08]} d6 {[%clk 0:10:02]}
6. Be2 {[%clk 0:10:00]} a6 {[%clk 0:10:04]} 7. O-O {[%clk 0:09:59]} Qc7
{[%clk 0:10:02]} 8. Be3 {[%clk 0:09:58]} b5 {[%clk 0:10:00]} 9. a3
{[%clk 0:09:55]} Bb7 {[%clk 0:10:01]} 10. f3 {[%clk 0:09:50]} Be7
{[%clk 0:09:57]} 11. Qe1 {[%clk 0:09:51]} O-O {[%clk 0:09:43]} 12. Qg3
{[%clk 0:09:52]} Re8 {[%clk 0:09:29]} 13. Kh1 {[%clk 0:09:48]} Nbd7
{[%clk 0:09:27]} 14. Bd3 {[%clk 0:09:07]} Ne5 {[%clk 0:07:34]} 15. f4
{[%clk 0:07:59]} Nc4 {[%clk 0:07:23]} 16. e5 {[%clk 0:07:44]} dxe5
{[%clk 0:05:13]} 1/2-1/2

[Event "DGCS OPEN 2018"]
[Site "Ostrow Wielkopolski"]
[Date "2018.09.28"]
[Round "8.2"]
[White "Przybylski, Wojciech"]
[Black "Chojnacki, Slawomir"]
[Result "1-0"]
[BlackElo "2182"]
[WhiteElo "2297"]
[LiveChessVersion "1.4.8"]

1. e4 {[%clk 0:10:03]} c6 {[%clk 0:10:05]} 2. Nc3 {[%clk 0:10:00]} d5
{[%clk 0:10:07]} 3. Nf3 {[%clk 0:10:01]} Bg4 {[%clk 0:10:03]} 4. h3
{[%clk 0:10:02]} Bxf3 {[%clk 0:10:05]} 5. Qxf3 {[%clk 0:10:02]} e6
{[%clk 0:10:06]} 6. d4 {[%clk 0:10:00]} Nf6 {[%clk 0:10:00]} 7. Bg5
{[%clk 0:09:11]} Be7 {[%clk 0:09:59]} 8. O-O-O {[%clk 0:09:05]} Nbd7
{[%clk 0:08:28]} 9. e5 {[%clk 0:08:43]} Ng8 {[%clk 0:08:30]} 10. Bf4
{[%clk 0:07:46]} Qa5 {[%clk 0:08:18]} 11. Bd2 {[%clk 0:06:58]} Qc7
{[%clk 0:07:14]} 12. Qg4 {[%clk 0:06:35]} Bf8 {[%clk 0:07:10]} 13. Qh5
{[%clk 0:06:16]} g6 {[%clk 0:07:01]} 14. Qf3 {[%clk 0:06:16]} Bg7
{[%clk 0:06:21]} 15. h4 {[%clk 0:05:24]} Ne7 {[%clk 0:06:10]} 16. h5
{[%clk 0:05:04]} Nf5 {[%clk 0:05:41]} 17. Bg5 {[%clk 0:04:39]} h6
{[%clk 0:04:55]} 18. Be3 {[%clk 0:04:26]} O-O-O {[%clk 0:04:30]} 19. g4
{[%clk 0:04:27]} Nxe3 {[%clk 0:04:17]} 20. fxe3 {[%clk 0:04:14]} Rdf8
{[%clk 0:04:15]} 21. e4 {[%clk 0:04:06]} f6 {[%clk 0:04:04]} 22. exf6
{[%clk 0:02:14]} Bxf6 {[%clk 0:03:56]} 23. Qd3 {[%clk 0:02:04]} gxh5
{[%clk 0:03:49]} 24. gxh5 {[%clk 0:02:00]} Bg5+ {[%clk 0:03:36]} 25. Kb1
{[%clk 0:02:03]} Rf4 {[%clk 0:03:34]} 26. Bh3 {[%clk 0:01:58]} Qd6
{[%clk 0:03:22]} 27. e5 {[%clk 0:01:52]} Qe7 {[%clk 0:03:17]} 28. Rhf1
{[%clk 0:01:16]} Rhf8 {[%clk 0:03:19]} 29. Rxf4 {[%clk 0:01:08]} Rxf4
{[%clk 0:03:19]} 30. Rf1 {[%clk 0:01:10]} Nf8 {[%clk 0:03:09]} 31. Rxf4
{[%clk 0:01:06]} Bxf4 {[%clk 0:03:11]} 32. Qf3 {[%clk 0:01:07]} Qh4
{[%clk 0:02:52]} 33. a3 {[%clk 0:01:01]} Qg3 {[%clk 0:02:42]} 34. Qf1
{[%clk 0:01:03]} Nh7 {[%clk 0:01:04]} 35. Ne2 {[%clk 0:00:59]} Qe3
{[%clk 0:01:04]} 36. Bxe6+ {[%clk 0:00:55]} Kc7 {[%clk 0:01:06]} 37. Nxf4
{[%clk 0:00:51]} Ng5 {[%clk 0:01:07]} 38. Bxd5 {[%clk 0:00:32]} Qxd4
{[%clk 0:01:03]} 39. Bb3 {[%clk 0:00:32]} Qxe5 {[%clk 0:01:04]} 40. Nd3
{[%clk 0:00:33]} Qe8 {[%clk 0:01:03]} 41. Qf4+ {[%clk 0:00:34]} Kc8
{[%clk 0:01:03]} 42. Qf5+ {[%clk 0:00:35]} Kd8 {[%clk 0:01:03]} 43. Qf6+
{[%clk 0:00:35]} Kc7 {[%clk 0:01:04]} 44. Qxh6 {[%clk 0:00:29]} Ne4
{[%clk 0:01:06]} 45. Qf4+ {[%clk 0:00:31]} Kb6 {[%clk 0:01:07]} 46. Qe3+
{[%clk 0:00:32]} c5 {[%clk 0:01:10]} 47. Qe1 {[%clk 0:00:26]} a5 {[%clk 0:01:07]}
48. Bd5 {[%clk 0:00:27]} Nf6 {[%clk 0:01:06]} 49. Qxe8 {[%clk 0:00:27]} Nxe8
{[%clk 0:01:09]} 50. h6 Nf6 {[%clk 0:10:03]} 51. Bg8 {[%clk 0:00:29]} 1-0

[Event "DGCS OPEN 2018"]
[Site "Ostrow Wielkopolski"]
[Date "2018.09.28"]
[Round "8.3"]
[White "Siwik, Rafal"]
[Black "Laszewicz, Pawel"]
[Result "0-1"]
[BlackElo "2030"]
[WhiteElo "1982"]
[LiveChessVersion "1.4.8"]

1. c4 {[%clk 0:10:05]} e5 {[%clk 0:10:04]} 2. Nc3 {[%clk 0:10:06]} Nf6
{[%clk 0:10:06]} 3. g3 {[%clk 0:10:07]} d5 {[%clk 0:10:08]} 4. cxd5
{[%clk 0:10:06]} Nxd5 {[%clk 0:10:09]} 5. Bg2 {[%clk 0:10:08]} Nb6
{[%clk 0:10:11]} 6. Nf3 {[%clk 0:10:04]} Nc6 {[%clk 0:10:13]} 7. d3
{[%clk 0:10:06]} Be7 {[%clk 0:10:12]} 8. O-O {[%clk 0:10:07]} O-O
{[%clk 0:10:08]} 9. Be3 {[%clk 0:09:45]} Be6 {[%clk 0:09:54]} 10. Rc1
{[%clk 0:08:57]} f5 {[%clk 0:09:27]} 11. a3 {[%clk 0:07:31]} f4 {[%clk 0:08:22]}
12. Bd2 {[%clk 0:06:33]} Kh8 {[%clk 0:06:59]} 13. Ne4 {[%clk 0:05:24]} Bd5
{[%clk 0:06:54]} 14. Nc5 {[%clk 0:04:32]} Rb8 {[%clk 0:06:45]} 15. b4
{[%clk 0:04:28]} a6 {[%clk 0:06:42]} 16. Bc3 {[%clk 0:03:57]} Bxc5
{[%clk 0:06:10]} 17. bxc5 {[%clk 0:03:58]} Nd7 {[%clk 0:06:12]} 18. Bb2
{[%clk 0:03:56]} Qe7 {[%clk 0:05:52]} 19. Qc2 {[%clk 0:03:55]} Na5
{[%clk 0:04:48]} 20. Qc3 {[%clk 0:03:31]} Nb3 {[%clk 0:04:40]} 21. Rc2
{[%clk 0:03:21]} Bxf3 {[%clk 0:03:40]} 22. Bxf3 {[%clk 0:03:23]} Nd4
{[%clk 0:03:38]} 23. Rcc1 {[%clk 0:03:06]} c6 {[%clk 0:03:29]} 24. Be4
{[%clk 0:02:58]} Nxe2+ {[%clk 0:03:27]} 0-1

[Event "DGCS OPEN 2018"]
[Site "Ostrow Wielkopolski"]
[Date "2018.09.28"]
[Round "8.4"]
[White "Andrejczuk, Beata"]
[Black "Dudzinski, Pawel"]
[Result "1/2-1/2"]
[BlackElo "2263"]
[WhiteElo "1948"]
[LiveChessVersion "1.4.8"]

1. e4 {[%clk 0:10:05]} c6 {[%clk 0:10:05]} 2. Nc3 {[%clk 0:10:06]} d5
{[%clk 0:10:07]} 3. e5 {[%clk 0:10:07]} d4 {[%clk 0:10:08]} 4. Nce2
{[%clk 0:10:01]} c5 {[%clk 0:10:06]} 5. d3 {[%clk 0:09:53]} Nc6 {[%clk 0:10:08]}
6. f4 {[%clk 0:09:51]} g5 {[%clk 0:10:09]} 7. fxg5 {[%clk 0:09:44]} Nxe5
{[%clk 0:10:10]} 8. Ng3 {[%clk 0:09:30]} h6 {[%clk 0:10:06]} 9. gxh6
{[%clk 0:09:25]} Bxh6 {[%clk 0:10:08]} 10. Bxh6 {[%clk 0:09:23]} Nxh6
{[%clk 0:10:09]} 11. Nf3 {[%clk 0:09:07]} Qa5+ {[%clk 0:09:53]} 12. Qd2
{[%clk 0:08:55]} Nxf3+ {[%clk 0:09:54]} 13. gxf3 {[%clk 0:08:56]} Qxd2+
{[%clk 0:09:51]} 14. Kxd2 {[%clk 0:08:57]} Nf5 {[%clk 0:09:53]} 15. Nxf5
{[%clk 0:08:55]} Bxf5 {[%clk 0:09:55]} 16. Re1 {[%clk 0:08:37]} Be6
{[%clk 0:09:23]} 17. Bg2 {[%clk 0:08:30]} Bd5 {[%clk 0:09:18]} 18. Re2
{[%clk 0:08:12]} Rh4 {[%clk 0:09:05]} 19. Re5 {[%clk 0:07:51]} e6
{[%clk 0:09:07]} 20. Ke1 {[%clk 0:07:44]} Ke7 {[%clk 0:08:57]} 21. Kf2
{[%clk 0:07:44]} Kf6 {[%clk 0:08:39]} 22. Re2 {[%clk 0:07:17]} Rg8
{[%clk 0:08:29]} 23. h3 {[%clk 0:06:45]} Kf5 {[%clk 0:08:11]} 24. Rhe1
{[%clk 0:06:10]} f6 {[%clk 0:08:14]} 25. c4 {[%clk 0:05:37]} dxc3
{[%clk 0:08:09]} 26. bxc3 {[%clk 0:05:37]} e5 {[%clk 0:07:59]} 27. c4
{[%clk 0:05:33]} Bc6 {[%clk 0:07:58]} 28. Ke3 {[%clk 0:04:42]} Rf4
{[%clk 0:07:40]} 29. Rf1 {[%clk 0:04:17]} Kg5 {[%clk 0:07:42]} 30. Ref2
{[%clk 0:03:08]} 1/2-1/2

[Event "DGCS OPEN 2018"]
[Site "Ostrow Wielkopolski"]
[Date "2018.09.28"]
[Round "9.1"]
[White "Laszewicz, Pawel"]
[Black "Przybylski, Wojciech"]
[Result "0-1"]
[BlackElo "2297"]
[WhiteElo "2030"]
[LiveChessVersion "1.4.8"]

1. e4 {[%clk 0:10:06]} e5 {[%clk 0:10:04]} 2. Nf3 {[%clk 0:10:07]} Nc6
{[%clk 0:10:05]} 3. d4 {[%clk 0:10:08]} exd4 {[%clk 0:10:05]} 4. Nxd4
{[%clk 0:10:09]} Nf6 {[%clk 0:10:06]} 5. Nxc6 {[%clk 0:10:03]} bxc6
{[%clk 0:10:08]} 6. Bd3 {[%clk 0:09:51]} d5 {[%clk 0:09:04]} 7. Qe2
{[%clk 0:09:52]} dxe4 {[%clk 0:08:24]} 8. Nc3 {[%clk 0:09:52]} Bb4
{[%clk 0:07:07]} 9. Bxe4 {[%clk 0:09:52]} Nxe4 {[%clk 0:06:17]} 10. Qxe4+
{[%clk 0:09:51]} Qe7 {[%clk 0:06:18]} 11. Qxe7+ {[%clk 0:09:51]} Kxe7
{[%clk 0:05:54]} 12. Bf4 {[%clk 0:09:20]} Bd6 {[%clk 0:05:28]} 13. Bxd6+
{[%clk 0:09:14]} cxd6 {[%clk 0:05:29]} 14. O-O-O {[%clk 0:09:13]} Rd8
{[%clk 0:04:53]} 15. Rhe1+ {[%clk 0:08:44]} Be6 {[%clk 0:04:54]} 16. f4
{[%clk 0:08:37]} Kf8 {[%clk 0:04:35]} 17. Ne4 {[%clk 0:08:23]} d5
{[%clk 0:03:27]} 18. Nc5 {[%clk 0:07:52]} Rd6 {[%clk 0:02:58]} 19. Re3
{[%clk 0:06:51]} h5 {[%clk 0:02:44]} 20. Rde1 {[%clk 0:05:29]} Bf5
{[%clk 0:02:35]} 21. Re7 {[%clk 0:05:08]} h4 {[%clk 0:02:20]} 22. Rb7
{[%clk 0:04:46]} Rg6 {[%clk 0:02:00]} 23. Ree7 {[%clk 0:04:20]} Kg8
{[%clk 0:00:30]} 24. Rxf7 {[%clk 0:03:05]} Rf8 {[%clk 0:00:32]} 25. Rxf8+
{[%clk 0:01:08]} Kxf8 {[%clk 0:00:34]} 26. g3 {[%clk 0:00:55]} hxg3
{[%clk 0:00:33]} 27. hxg3 {[%clk 0:00:53]} Rxg3 {[%clk 0:00:35]} 28. c3
{[%clk 0:00:31]} a5 {[%clk 0:00:23]} 29. Ra7 {[%clk 0:00:08]} Rf3
{[%clk 0:00:13]} 30. Rxa5 {[%clk 0:00:08]} Rxf4 {[%clk 0:00:15]} 31. b4
{[%clk 0:00:10]} g5 {[%clk 0:00:17]} 32. Ra8+ {[%clk 0:00:06]} Kf7
{[%clk 0:00:18]} 33. Ra7+ {[%clk 0:00:08]} Kf6 {[%clk 0:00:17]} 34. Ra8
{[%clk 0:00:08]} g4 {[%clk 0:00:09]} 35. Rf8+ {[%clk 0:00:08]} Kg5
{[%clk 0:00:07]} 36. a4 {[%clk 0:00:07]} g3 {[%clk 0:00:09]} 37. Rg8+
{[%clk 0:00:06]} Kh4 {[%clk 0:00:07]} 38. a5 {[%clk 0:00:06]} Bg4
{[%clk 0:00:07]} 39. Rh8+ {[%clk 0:00:05]} Bh5 {[%clk 0:00:09]} 40. Rg8
{[%clk 0:00:06]} Bg4 {[%clk 0:00:08]} 41. Rh8+ {[%clk 0:00:08]} Bh5
{[%clk 0:00:10]} 42. Ne6 {[%clk 0:00:08]} Rf1+ {[%clk 0:00:11]} 43. Kd2
{[%clk 0:00:10]} g2 {[%clk 0:00:11]} 44. Rg8 {[%clk 0:00:11]} Bg4
{[%clk 0:00:11]} 45. Rh8+ {[%clk 0:00:08]} Kg3 {[%clk 0:00:13]} 0-1

[Event "DGCS OPEN 2018"]
[Site "Ostrow Wielkopolski"]
[Date "2018.09.28"]
[Round "9.2"]
[White "Pedzich, Dominik"]
[Black "Janaszak, Dawid"]
[Result "1/2-1/2"]
[BlackElo "2276"]
[WhiteElo "2348"]
[LiveChessVersion "1.4.8"]

1. e4 {[%clk 0:10:04]} c5 {[%clk 0:10:05]} 2. Nf3 {[%clk 0:10:04]} g6
{[%clk 0:10:05]} 3. d4 {[%clk 0:10:03]} cxd4 {[%clk 0:10:07]} 4. Qxd4
{[%clk 0:10:04]} Nf6 {[%clk 0:10:08]} 5. Bb5 {[%clk 0:10:04]} a6 {[%clk 0:10:06]}
6. e5 {[%clk 0:08:51]} axb5 {[%clk 0:10:07]} 7. exf6 {[%clk 0:08:52]} Nc6
{[%clk 0:10:07]} 8. fxe7 {[%clk 0:07:31]} Qxe7+ {[%clk 0:10:07]} 9. Qe3
{[%clk 0:07:33]} b4 {[%clk 0:09:48]} 10. Qxe7+ {[%clk 0:07:05]} Bxe7
{[%clk 0:09:41]} 11. Bg5 {[%clk 0:06:49]} f6 {[%clk 0:08:14]} 12. Be3
{[%clk 0:06:49]} d5 {[%clk 0:08:03]} 13. Nd4 {[%clk 0:06:10]} Kf7
{[%clk 0:06:21]} 14. Nd2 {[%clk 0:06:04]} Bd7 {[%clk 0:06:06]} 15. Nxc6
{[%clk 0:04:49]} Bxc6 {[%clk 0:05:38]} 16. f3 {[%clk 0:04:25]} Rhc8
{[%clk 0:05:32]} 17. Nb3 {[%clk 0:04:16]} Ba4 {[%clk 0:04:58]} 18. Kd2
{[%clk 0:03:55]} f5 {[%clk 0:04:36]} 19. Nd4 {[%clk 0:03:33]} Bf6
{[%clk 0:04:35]} 20. c3 {[%clk 0:03:17]} Bd7 {[%clk 0:03:33]} 21. Rhc1
{[%clk 0:03:12]} Rc4 {[%clk 0:03:25]} 22. a3 {[%clk 0:02:40]} bxc3+
{[%clk 0:03:17]} 23. bxc3 {[%clk 0:02:35]} b5 {[%clk 0:02:22]} 24. Rcb1
{[%clk 0:02:17]} Ra5 {[%clk 0:02:24]} 25. Rb3 {[%clk 0:02:14]} Rca4
{[%clk 0:02:00]} 26. Nc2 {[%clk 0:02:01]} Be7 {[%clk 0:01:31]} 27. Nb4
{[%clk 0:01:22]} Be6 {[%clk 0:00:51]} 28. Bd4 {[%clk 0:01:04]} h5
{[%clk 0:00:49]} 29. Nc6 {[%clk 0:00:37]} Rxa3 {[%clk 0:00:41]} 30. Raxa3
{[%clk 0:00:39]} Rxa3 {[%clk 0:00:43]} 31. Rxa3 {[%clk 0:00:40]} Bxa3
{[%clk 0:00:45]} 32. Ne5+ {[%clk 0:00:40]} Ke8 {[%clk 0:00:38]} 33. Nxg6
{[%clk 0:00:40]} Bd6 {[%clk 0:00:34]} 34. Ne5 {[%clk 0:00:38]} Bxe5
{[%clk 0:00:25]} 1/2-1/2